Normal view MARC view
  • Highway planning

Entry Topical Term

Number of records used in: 1

001 - CONTROL NUMBER

  • control field: 22411

003 - CONTROL NUMBER IDENTIFIER

  • control field: NUST

005 - DATE AND TIME OF LATEST TRANSACTION

  • control field: 20191002130103.0

008 - FIXED-LENGTH DATA ELEMENTS

  • fixed length control field: 191002|| aca||aabn | a|a d

040 ## - CATALOGING SOURCE

  • Original cataloging agency: NUST
  • Transcribing agency: NUST

150 ## - HEADING--TOPICAL TERM

  • Topical term or geographic name entry element: Highway planning
  • Geographic subdivision: United States
  • General subdivision: Data processing.

670 ## - SOURCE DATA FOUND

  • Source citation: Work cat.: (NUST)0: Heanue, Kevin E. 22410, Data sharing and data partnerships for highways :, 2000.
© 2023 Central Library, National University of Sciences and Technology. All Rights Reserved.